000 00256nam a2200109Ia 4500
008 190912s9999||||xx |||||||||||||| ||und||
100 _aWest). Presse
245 0 _aFacts about Germany
260 _aGermany
_bWest Presse
_c2003
300 _a479
942 _cBK
999 _c7266
_d7266